Statistics for Communes in Norway with more than 20,000 inhabitants

Click here to take the quiz!

General Stats

  • This quiz has been taken 70 times
  • The average score is 32 of 57

Answer Stats

Pop.AnswerCounty% Correct
20,152OsHordaland
100%
666,759OsloOslo
98%
190,464TrondheimSør-Trøndelag
98%
132,729StavangerRogaland
97%
278,556BergenHordaland
95%
89,268KristiansandVest-Agder
92%
74,541TromsøTroms
92%
80,121FredrikstadØstfold
82%
68,363DrammenBuskerud
80%
30,698SkiAkershus
80%
51,022BodøNordland
78%
27,781LillehammerOppland
78%
55,127SarpsborgØstfold
77%
75,497SandnesRogaland
75%
47,199ÅlesundMøre og Romsdal
73%
55,316SkienTelemark
73%
30,598HamarHedmark
72%
26,822MoldeMøre og Romsdal
70%
62,019SandefjordVestfold
70%
30,790HaldenØstfold
68%
44,082LarvikVestfold
68%
124,008BærumAkershus
67%
44,922TønsbergVestfold
65%
44,576ArendalAust-Agder
63%
60,781AskerAkershus
63%
32,407MossØstfold
62%
20,446AltaFinnmark
60%
37,166HaugesundRogaland
60%
24,442KristiansundMøre og Romsdal
60%
36,198PorsgrunnTelemark
58%
27,216KongsbergBuskerud
55%
30,319GjøvikOppland
52%
22,692GrimstadAust-Agder
48%
24,845HarstadTroms
47%
28,821AskøyHordaland
45%
27,202HortenVestfold
45%
21,972SteinkjerNord-Trøndelag
45%
53,276SkedsmoAkershus
40%
21,086ElverumHedmark
38%
37,406LørenskogAkershus
38%
21,241NesAkershus
37%
23,625StjørdalNord-Trøndelag
37%
35,102UllensakerAkershus
37%
42,229KarmøyRogaland
35%
25,740LierBuskerud
35%
26,016SolaRogaland
35%
24,415EidsvollAkershus
30%
25,204FjellHordaland
28%
24,718Nedre EikerBuskerud
28%
23,213NittedalAkershus
28%
33,842RingsakerHedmark
27%
26,988OppegårdAkershus
25%
26,101RanaNordland
25%
30,034RingerikeBuskerud
23%
20,317StangeHedmark
22%
21,748NøtterøyVestfold
18%
21,931RøykenBuskerud
18%

Score Distribution

Percentile by Number Answered

Percent of People with Each Score

Your Score History

You have not taken this quiz